000 00573nam a2200229Ia 4500
003 OSt
005 20221005125157.0
006 a|||||r|||| 00| 0
007 ta
008 221004b |||||||| |||| 00| 0 tam d
024 _a52308
037 _cTextual
040 _aCRL
_cCRL
_btam
041 _2tam
_atam
082 _aV21y7NAC, 31N8
100 _aPadmaja Anantharaman
_9636260
245 0 _aP. Sri Acharya
260 _c1998
650 _aHISTORY
942 _hV21y7NAC, 31N8
_cTEXL
_2cc
999 _c1053168
_d1053168